MARC details
| 000 -CABECERA |
| campo de control de longitud fija |
00820cam a2200265 a 4500 |
| 001 - NÚMERO DE CONTROL |
| campo de control |
000014558 |
| 005 - FECHA Y HORA DE LA ÚLTIMA TRANSACCIÓN |
| campo de control |
20240527200609.0 |
| 008 - DATOS DE LONGITUD FIJA--INFORMACIÓN GENERAL |
| campo de control de longitud fija |
800326s1979 sp a 000 0 spa |
| 020 ## - NÚMERO INTERNACIONAL ESTÁNDAR DEL LIBRO |
| Número Internacional Estándar del Libro |
8473394267 |
| 035 ## - NÚMERO DE CONTROL DEL SISTEMA |
| Número de control de sistema |
(DLC) 79114922 |
| 040 ## - FUENTE DE LA CATALOGACIÓN |
| Centro catalogador/agencia de origen |
DO-SdBNP |
| Centro/agencia transcriptor |
DLC |
| Centro/agencia modificador |
DLC |
| 082 ## - NÚMERO DE LA CLASIFICACIÓN DECIMAL DEWEY |
| Número de clasificación |
303.4 |
| Número de documento/Ítem |
H289e |
| 049 ## - FONDOS LOCALES (OCLC) |
| Fondos de biblioteca |
BNGR |
| 100 1# - ENTRADA PRINCIPAL--NOMBRE DE PERSONA |
| Nombre de persona |
Harnecker, Marta. |
| 9 (RLIN) |
12290 |
| 245 10 - MENCIÓN DE TÍTULO |
| Título |
Explotados y explotadores / |
| Mención de responsabilidad, etc. |
Marta Harnecker. |
| 260 ## - PUBLICACIÓN, DISTRIBUCIÓN, ETC. |
| Lugar de publicación, distribución, etc. |
Madrid : |
| Nombre del editor, distribuidor, etc. |
Akal, |
| Fecha de publicación, distribución, etc. |
1979. |
| 300 ## - DESCRIPCIÓN FÍSICA |
| Extensión |
63 p. : |
| Otras características físicas |
il. ; |
| Dimensiones |
18 cm. |
| 490 1# - MENCIÓN DE SERIE |
| Mención de serie |
Cuadernos de educación popular |
| Designación de volumen o secuencia |
1 |
| 504 ## - NOTA DE BIBLIOGRAFÍA, ETC. |
| Nota de bibliografía, etc. |
Bibliografías: p. 62-63. |
| 650 #4 - PUNTO DE ACCESO ADICIONAL DE MATERIA--TÉRMINO DE MATERIA |
| Término de materia o nombre geográfico como elemento de entrada |
Trabajadores |
| 9 (RLIN) |
9310 |
| 650 #4 - PUNTO DE ACCESO ADICIONAL DE MATERIA--TÉRMINO DE MATERIA |
| Término de materia o nombre geográfico como elemento de entrada |
Producción (teoría económica) |
| 9 (RLIN) |
12464 |
| 650 #0 - PUNTO DE ACCESO ADICIONAL DE MATERIA--TÉRMINO DE MATERIA |
| Término de materia o nombre geográfico como elemento de entrada |
Relaciones industriales |
| 9 (RLIN) |
27578 |
| 830 #0 - PUNTO DE ACCESO ADICIONAL DE SERIE-TÍTULO UNIFORME |
| Título uniforme |
Cuadernos de educación popular ; |
| Designación de volumen o secuencia |
1. |
| 9 (RLIN) |
32954 |
| 910 ## - DATOS DE OPCIÓN DEL USUARIO (OCLC) |
| Datos de opción del usuario |
Catalogación por copia / LC |